Witness to God in a Secular Europe (Record no. 19638)

MARC details
000 -LEADER
fixed length control field 00336nam a22001337a 4500
020 ## - INTERNATIONAL STANDARD BOOK NUMBER
ISBN 2880700299
082 ## - DEWEY DECIMAL CLASSIFICATION NUMBER
Classification number 205 Con
100 ## - MAIN ENTRY--AUTHOR NAME
Author name Conference of European Churches
245 ## - TITLE STATEMENT
Title Witness to God in a Secular Europe
260 ## - PUBLICATION, DISTRIBUTION, ETC. (IMPRINT)
Place of publication Geneva
Name of publisher Conference of European Churches
Year of publication 1985
300 ## - PHYSICAL DESCRIPTION
Number of Pages 76
650 ## - SUBJECT ADDED ENTRY--TOPICAL TERM
Topical Term Muslims-Europe
942 ## - ADDED ENTRY ELEMENTS (KOHA)
Koha item type Books
Holdings
Home library Current library Date acquired Cost, normal purchase price Full call number Accession Number Koha item type
Henry Martyn Institute Library Henry Martyn Institute Library 08/13/2015 0.00 205 CON 15152 Books
Henry Martyn Institute Library Henry Martyn Institute Library 08/13/2015 0.00 205 CON 15153 Books
                   Copyright © 2026 | Henry Martyn Institute | Hyderabad | TS-500052 | INDIA | Implemented by hmi.edu.in
Hit-Count:

Powered by Koha